00473 2200181 4500245007300000020002200073250001100095100001800106700001800124650001700142650002400159005001900183260003100202041001400233084001000247300002500257336000900282 aPembuatan Pupuk Kompos dari Limbah Rumah TanggacLafran HabibihText a978-979-027-081-X aCet. 1 aLafran Habibi aIleila Himura aPupuk Kompos aLimbah Rumah Tangga a20230306114414 aBandungbTitian Ilmuc2013 aIndonesia a631.8 avi, 74 hlm. :cilus. atext